Dictionary definitions For Random Words Quiz Stats

 Plays Quiz not verified by Sporcle

Challenge
Share
Tweet
Embed
Score 0/10 Timer 01:00
0 Plays Today
Definition Word % Correct
A covering for the hand made with a separate sheath for each finger and for the thumb.Glove
83.2%
To strike with the foot or feetKick
81%
A slender stick or rod, esp. one used by a magician, conjurer, or diviner.Wand
80.3%
Bright or glossy in appearance.Shiny
74.5%
The fat layer between the skin and muscle of whales and other cetaceans, from which oil is made.Blubber
70.8%
A shoe consisting of a sole of leather or other material fastened to the foot by thongs or straps.Sandal
70.1%
To weep with a convulsive catching of the breath.Sob
66.4%
The hindmost part of an animal, esp. that forming a distinct, flexible appendage to the trunk.Tail
53.3%
One side of a leaf of something printed or written, as a book, manuscript, or letter.Page
53.3%
A dark tertiary color with a yellowish or reddish hue.Brown
29.2%

You're not logged in!

Compare scores with friends on all Sporcle quizzes.
OR
Log In

You Might Also Like...

Show Comments

Extras

Top Quizzes Today


Score Distribution

Your Account Isn't Verified!

In order to create a playlist on Sporcle, you need to verify the email address you used during registration. Go to your Sporcle Settings to finish the process.

Report this User

Report this user for behavior that violates our Community Guidelines.

Details: